Geografia - prawda czy fałsz? #4 - Statystyki

Ogólne statystyki
  • Ten quiz został rozwiązany 6 181 razy
    6 023 od ostatniego zresetowania
  • Średni wynik to 13 z 18
Statystyki odpowiedzi
Zagadnienie Odpowiedź % Poprawnych
W Indiach żyje ponad miliard ludzi Prawda
96%
Europie nie ma aktywnych wulkanów Fałsz
93%
Więcej ludzi mieszka w Afryce niż w Europie Prawda
89%
Miami leży nad zatoką perską Fałsz
87%
Algieria ma większy obszar lądowy od Francji Prawda
86%
Nie ma państw z muzułmańską większością w Europie Fałsz
80%
Iran ma najwięcej szyickich muzułmanów ze wszystkich krajów Prawda
77%
Tunezja jest najbardziej wysuniętym na północ państwem Afryki Prawda
75%
Norwegia jest państwem eksportującym ropę Prawda
74%
Oman jest monarchią Prawda
73%
Maryland leży nad zatoką Chesapeake Prawda
72%
100% Brazylii leży na półkuli zachodniej Prawda
72%
Wyspy Galapagos są częścią Chile Fałsz
70%
Antarktyda ma rodzime gatunki drzew Fałsz
69%
Nowa Zelandia jest państwem najbliższym Australii Fałsz
69%
Tajwan jest członkiem ONZ Fałsz
64%
Najbardziej wysunięty punkt na wschód w Polsce ma województwo Lubuskie Fałsz
57%
Bermudy leżą na morzu Karaibskim Fałsz
31%
Nie znaleziono quizów pasujących do podanych kryteriów
Rozkład punktacji
Procent ludzi z każdym wynikiem
Percentyl według liczby udzielonych odpowiedzi
Twoja historia wyników
Nie rozwiązałeś tego quizu od ostatniego zresetowania